| 000 | 00609nam a22001937a 4500 | ||
|---|---|---|---|
| 999 |
_c175324 _d175324 |
||
| 005 | 20200824130919.0 | ||
| 010 | _aENG-128375 | ||
| 020 |
_c729.00 _a9789353438081 |
||
| 035 | _aEN-111907 | ||
| 037 | _bDBAD/PUB | ||
| 082 | _a005.133 | ||
| 100 | _aPrata,Stephe | ||
| 245 |
_aC++ Primer Plus/ _cby Stephen Prata |
||
| 260 |
_aNoida _bPearson _c2020 |
||
| 270 |
_a15th floor,Tower-B,Word Trade Tower,Plot no.1,Block-C sec 16, _bNoida _e201301 _k04466540100 _mcompanysecretary.india@pearson.com |
||
| 300 |
_a1237p. _c25cm(pbk) |
||
| 500 | _aincludes index | ||
| 942 |
_2ddc _cEN _h005.133 _mPRA |
||